[Event "FIDE World Bl Team Pool D"]
[Site "London ENG"]
[Date "2025.06.14"]
[Round "12.1"]
[White "Erigaisi, Arjun"]
[Black "Skytte, Rasmus"]
[Result "1-0"]
[WhiteTitle "GM"]
[BlackTitle "IM"]
[WhiteElo "2782"]
[BlackElo "2367"]
[WhiteTeam "Team MGD1"]
[BlackTeam "Danish Futures"]
[WhiteFideId "35009192"]
[BlackFideId "1404210"]
[EventDate "2025.06.14"]
[EventType "team"]

1. e4 d5 2. exd5 Qxd5 3. Nc3 Qa5 4. Nf3 Nf6 5. d4 c6 6. Bc4 Bf5 7. O-O e6 8. h3
Nbd7 9. Nh4 Bg6 10. Nxg6 hxg6 11. Re1 O-O-O 12. a3 Qc7 13. Bd3 Nb6 14. Be3 Nbd5
15. Nxd5 Nxd5 16. Qf3 Bd6 17. Bg5 Rdf8 18. c4 Nf4 19. Bf1 Nh5 20. g3 Nf6 21. h4
e5 22. c5 Be7 23. Rxe5 Nd5 24. Bxe7 Nxe7 25. Rae1 Nf5 26. Bh3 Kb8 27. Bxf5 gxf5
28. Re7 1-0

[Event "FIDE World Bl Team Pool D"]
[Site "London ENG"]
[Date "2025.06.14"]
[Round "12.2"]
[White "Kistrup, Nicolai"]
[Black "Harikrishna, Pentala"]
[Result "0-1"]
[WhiteTitle "IM"]
[BlackTitle "GM"]
[WhiteElo "2381"]
[BlackElo "2707"]
[WhiteTeam "Danish Futures"]
[BlackTeam "Team MGD1"]
[WhiteFideId "1444816"]
[BlackFideId "5007003"]
[EventDate "2025.06.14"]
[EventType "team"]

1. e4 e5 2. Nf3 Nc6 3. Bc4 Nf6 4. d3 Be7 5. O-O O-O 6. a4 d6 7. c3 Na5 8. Ba2 c5
9. b4 cxb4 10. cxb4 Nc6 11. b5 Nb4 12. Bb3 Bg4 13. h3 Bh5 14. Qe2 a5 15. Nc3 Rc8
16. Bd2 Nd7 17. Rac1 Nc5 18. Bc4 Bxf3 19. Qxf3 Bg5 20. Rfd1 h6 21. Bxg5 Qxg5 22.
Qe3 Rc7 23. Qxg5 hxg5 24. Rd2 Ncxd3 25. Bxd3 Rfc8 26. Be2 Rxc3 27. Rxc3 Rxc3 28.
Rxd6 Ra3 29. Rb6 Rxa4 30. Rxb7 Ra1+ 31. Kh2 Rb1 32. Ra7 Nc2 33. Rxa5 Rb4 34. Bd3
Nd4 35. Ra7 g6 36. Rb7 Kg7 37. b6 Kf6 38. Rb8 Nc6 39. Rb7 Ke6 40. Rc7 Rxb6 41.
Bc4+ Kd6 42. Rxf7 Kc5 43. Bd5 Nd4 44. Re7 Rb2 45. Rxe5 Rxf2 46. Kg3 Rf6 47. Rxg5
Ne2+ 48. Kh2 Kd4 49. Rg4 Ke5 50. Rg5+ Kf4 51. Rg4+ Ke5 52. h4 Nf4 53. Rg5+ Kd4
54. g3 Nd3 55. Kh3 Ne5 56. Kg2 Rb6 57. Kh3 Rb1 58. h5 gxh5 59. Kg2 Rb2+ 60. Kg1 0-1

[Event "FIDE World Bl Team Pool D"]
[Site "London ENG"]
[Date "2025.06.14"]
[Round "12.3"]
[White "Pranav, V"]
[Black "Nilssen, Ellen Fredericia"]
[Result "1-0"]
[WhiteTitle "GM"]
[BlackTitle "WIM"]
[WhiteElo "2595"]
[BlackElo "2160"]
[WhiteTeam "Team MGD1"]
[BlackTeam "Danish Futures"]
[WhiteFideId "25060783"]
[BlackFideId "1441230"]
[EventDate "2025.06.14"]
[EventType "team"]

1. e4 e6 2. d3 d5 3. Nd2 Nf6 4. Ngf3 c5 5. g3 Nc6 6. Bg2 Be7 7. O-O b6 8. Re1
Bb7 9. a3 h6 10. Qe2 Qc7 11. exd5 Nxd5 12. Nc4 O-O 13. c3 Rad8 14. Bd2 b5 15.
Ne3 Nf6 16. Rad1 a5 17. Bc1 b4 18. Nc4 Nd5 19. Qc2 Bf6 20. Bd2 Ba6 21. h4 Rd7
22. Nh2 h5 23. Nf3 Rfd8 24. Ng5 g6 25. Ne4 Be7 26. Bg5 f6 27. Bc1 Nb6 28. axb4
cxb4 29. Nxb6 Qxb6 30. d4 bxc3 31. bxc3 Kg7 32. Be3 Qb5 33. Rb1 Qd3 34. Qa2 Bc4
35. Qa4 Bd5 36. Nd2 Bxg2 37. Kxg2 Rc8 38. Nf3 Rdc7 39. Bf4 Rd7 40. Rb6 Qc4 41.
Qxc4 1-0

[Event "FIDE World Bl Team Pool D"]
[Site "London ENG"]
[Date "2025.06.14"]
[Round "12.4"]
[White "Skytte, Robert"]
[Black "Mendonca, Leon Luke"]
[Result "0-1"]
[WhiteTitle "CM"]
[BlackTitle "GM"]
[WhiteElo "2015"]
[BlackElo "2603"]
[WhiteTeam "Danish Futures"]
[BlackTeam "Team MGD1"]
[WhiteFideId "1471775"]
[BlackFideId "35028561"]
[EventDate "2025.06.14"]
[EventType "team"]

1. e4 c6 2. d4 d5 3. Nd2 dxe4 4. Nxe4 Bf5 5. Ng3 Bg6 6. h4 h6 7. Nh3 e6 8. Nf4
Bh7 9. Bc4 Nf6 10. O-O Be7 11. Re1 O-O 12. Bxe6 fxe6 13. Nxe6 Qd7 14. Nxf8 Bxf8
15. Bf4 Qd5 16. c3 Nbd7 17. Qb3 b5 18. Nf1 a5 19. Ne3 Qf7 20. Qxf7+ Kxf7 21.
Rad1 Nb6 22. f3 a4 23. a3 Nfd5 24. Nxd5 cxd5 25. Be5 Nc4 26. Re2 Ra6 27. Rde1
Bd3 28. Rf2 h5 29. g4 Rg6 30. g5 Re6 31. f4 Bf5 32. Kg2 g6 33. Kg3 Ke8 34. Rfe2
Kd7 35. Rf2 Be7 36. Rfe2 Bd8 37. Kg2 Bd3 38. Rf2 Re8 39. Kg3 Rf8 40. Rf3 Be4 41.
Rf2 Ke6 42. Rfe2 Kf5 43. Rf2 Rf7 44. Rfe2 Rd7 45. Rf2 Be7 46. Rfe2 Bf8 47. Rf2
Rf7 48. Rfe2 Ke6 49. Rf2 Kd7 50. Rfe2 Kc6 51. Rf2 Kb6 52. Rfe2 Bd3 53. Rf2 Bf5
54. Rfe2 Be4 55. Rf2 Ka6 56. Ref1 Bd3 57. Re1 Kb7 58. Rd1 Bf5 59. Re1 Kc6 60.
Rfe2 Bd3 61. Rf2 Be7 62. Rd1 Bf5 63. Re1 Bd8 64. Rfe2 Bd3 65. Rf2 Bb6 66. Rd1
Be4 67. Re1 b4 68. cxb4 Nxe5 69. fxe5 Rxf2 70. Kxf2 Bxd4+ 71. Kf1 Bxe5 72. Rc1+
Kb6 73. Kf2 Bxb2 0-1

[Event "FIDE World Bl Team Pool D"]
[Site "London ENG"]
[Date "2025.06.14"]
[Round "12.5"]
[White "Tsolakidou, Stavroula"]
[Black "Derlich, Sarah Sima"]
[Result "1-0"]
[WhiteTitle "IM"]
[BlackTitle "WCM"]
[WhiteElo "2428"]
[BlackElo "1926"]
[WhiteTeam "Team MGD1"]
[BlackTeam "Danish Futures"]
[WhiteFideId "4264312"]
[BlackFideId "1469290"]
[EventDate "2025.06.14"]
[EventType "team"]

1. e4 c5 2. Nf3 d6 3. d4 cxd4 4. Nxd4 Nf6 5. Nc3 a6 6. Bg5 Nbd7 7. a3 Qc7 8. Qe2
h6 9. Bh4 g6 10. O-O-O Bg7 11. f4 O-O 12. g4 b5 13. g5 Nh5 14. Nd5 Qd8 15. gxh6
Bf6 16. Nxf6+ Ndxf6 17. Bxf6 Nxf6 18. Rg1 Bb7 19. e5 Nh5 20. Qxh5 Kh7 21. Bd3
Rg8 22. Qh4 Qc7 23. f5 g5 24. f6+ Kh8 25. Rxg5 Rxg5 26. Qxg5 Rg8 27. Qg7+ Rxg7
28. fxg7+ Kg8 29. Rg1 f5 30. Bxf5 1-0

[Event "FIDE World Bl Team Pool D"]
[Site "London ENG"]
[Date "2025.06.14"]
[Round "12.6"]
[White "Andries, Leia"]
[Black "Atharvaa P Tayade"]
[Result "0-1"]
[WhiteElo "1830"]
[BlackElo "1956"]
[WhiteTeam "Danish Futures"]
[BlackTeam "Team MGD1"]
[WhiteFideId "1469207"]
[BlackFideId "25042955"]
[EventDate "2025.06.14"]
[EventType "team"]

1. e4 c5 2. c3 d6 3. d4 Nf6 4. Bd3 g6 5. Nf3 Bg7 6. h3 O-O 7. O-O Nc6 8. a3 Nd7
9. Bg5 cxd4 10. cxd4 Nxd4 11. Nxd4 Bxd4 12. Qc2 Nc5 13. Be2 Be6 14. Nc3 Rc8 15.
Bd2 Nb3 16. Rad1 Be5 17. Be1 Nd4 18. Qd2 Nxe2+ 19. Nxe2 Qb6 20. Nc3 Bxc3 21.
bxc3 Bc4 22. Qc2 Bxf1 23. Kxf1 Rc4 0-1

[Event "FIDE World Bl Team Pool D"]
[Site "London ENG"]
[Date "2025.06.14"]
[Round "13.1"]
[White "Skytte, Rasmus"]
[Black "Grischuk, Alexander"]
[Result "1-0"]
[WhiteTitle "IM"]
[BlackTitle "GM"]
[WhiteElo "2367"]
[BlackElo "2667"]
[WhiteTeam "Danish Futures"]
[BlackTeam "KazChess"]
[WhiteFideId "1404210"]
[BlackFideId "4126025"]
[EventDate "2025.06.14"]
[EventType "team"]

1. e4 e5 2. Nf3 Nc6 3. Bc4 Bc5 4. d4 Bxd4 5. Nxd4 Nxd4 6. Be3 Nc6 7. Qg4 Qf6 8.
Nc3 Nge7 9. Qe2 a6 10. O-O-O d6 11. h4 h5 12. f3 Qg6 13. Kb1 Bd7 14. a3 Nd8 15.
Rdf1 Be6 16. f4 exf4 17. Bxf4 Bxc4 18. Qxc4 Ne6 19. Bg5 Nc6 20. Nd5 Rc8 21. Qb3
Nc5 22. Qf3 Ne5 23. Qh3 Qe6 24. Qe3 f6 25. Bxf6 gxf6 26. Rxf6 Qg8 27. Rhf1 Qg7
28. Qh3 Qg4 29. Qe3 Qg7 30. Qh3 Qg4 31. Qe3 Ncd7 32. R6f5 c6 33. Rg5 Qxh4 34.
Nf6+ Nxf6 35. Rxf6 Ng4 36. Qf4 Qe1+ 37. Ka2 Nxf6 38. Qxf6 Rh7 39. Rg8+ Kd7 40.
Qf5+ Kc7 41. Rxc8+ Kb6 42. Qxh7 Qe2 43. Qc7+ Ka7 44. Rf8 Qxc2 45. Qxd6 Qc4+ 46.
Kb1 Qxe4+ 47. Ka1 Qc4 48. Qd2 Kb6 49. Qf2+ c5 50. Rf6+ Ka7 51. Rf5 Kb6 52. Qd2
h4 53. Rf4 Qb5 54. Rxh4 Qf1+ 55. Ka2 Qf7+ 56. b3 Ka7 57. Rf4 Qe6 58. Qf2 Qd6 59.
Rf5 1-0

[Event "FIDE World Bl Team Pool D"]
[Site "London ENG"]
[Date "2025.06.14"]
[Round "13.2"]
[White "Rapport, Richard"]
[Black "Kistrup, Nicolai"]
[Result "1-0"]
[WhiteTitle "GM"]
[BlackTitle "IM"]
[WhiteElo "2714"]
[BlackElo "2381"]
[WhiteTeam "KazChess"]
[BlackTeam "Danish Futures"]
[WhiteFideId "738590"]
[BlackFideId "1444816"]
[EventDate "2025.06.14"]
[EventType "team"]

1. e4 c5 2. Nf3 d6 3. Bc4 Nf6 4. d3 e6 5. O-O Be7 6. Nbd2 d5 7. Bb5+ Bd7 8. a4
a6 9. Bxd7+ Qxd7 10. e5 Ng4 11. Re1 Nc6 12. Nf1 h5 13. c3 h4 14. h3 Nh6 15. Bxh6
Rxh6 16. d4 c4 17. Ne3 Na5 18. Nd2 Qc6 19. f4 O-O-O 20. b4 cxb3 21. Nxb3 Nxb3
22. Qxb3 g5 23. f5 exf5 24. Nxf5 Re6 25. Rac1 Kb8 26. c4 dxc4 27. Rxc4 Qd5 28.
Rb1 Rd7 29. Qc3 Rg6 30. Ne3 Qe4 31. Rb3 Qf4 32. d5 Qg3 33. a5 g4 34. Rc8+ Ka7
35. Qd4+ 1-0

[Event "FIDE World Bl Team Pool D"]
[Site "London ENG"]
[Date "2025.06.14"]
[Round "13.3"]
[White "Nilssen, Ellen Fredericia"]
[Black "Sadvakasov, Darmen"]
[Result "0-1"]
[WhiteTitle "WIM"]
[BlackTitle "GM"]
[WhiteElo "2160"]
[BlackElo "2629"]
[WhiteTeam "Danish Futures"]
[BlackTeam "KazChess"]
[WhiteFideId "1441230"]
[BlackFideId "13700464"]
[EventDate "2025.06.14"]
[EventType "team"]

1. d4 Nf6 2. c4 e6 3. Nc3 Bb4 4. e3 c5 5. a3 Bxc3+ 6. bxc3 d6 7. Nf3 Nc6 8. Bd3
e5 9. d5 e4 10. dxc6 bxc6 11. Ng5 exd3 12. Qxd3 O-O 13. O-O Ba6 14. e4 h6 15.
Nf3 d5 16. exd5 cxd5 17. Nd2 Re8 18. Qf5 Qa5 19. Qf3 Rad8 20. a4 dxc4 21. Nb1
Qb6 22. Be3 Bb7 23. Qf5 Rd5 24. Qh3 Rh5 25. Qg3 Nd5 26. Nd2 Nxe3 27. fxe3 Rg5 0-1

[Event "FIDE World Bl Team Pool D"]
[Site "London ENG"]
[Date "2025.06.14"]
[Round "13.4"]
[White "Ansat, Aldiyar"]
[Black "Skytte, Robert"]
[Result "1-0"]
[WhiteTitle "IM"]
[BlackTitle "CM"]
[WhiteElo "2489"]
[BlackElo "2015"]
[WhiteTeam "KazChess"]
[BlackTeam "Danish Futures"]
[WhiteFideId "13715658"]
[BlackFideId "1471775"]
[EventDate "2025.06.14"]
[EventType "team"]

1. e4 c5 2. Nf3 Nc6 3. Nc3 g6 4. d4 cxd4 5. Nxd4 Bg7 6. Be3 Nf6 7. Nxc6 bxc6 8.
e5 Nd5 9. Nxd5 cxd5 10. Qxd5 Rb8 11. O-O-O O-O 12. Bxa7 Rb4 13. a3 Ra4 14. Bd4
Ra5 15. Qb3 Ra8 16. h4 Qa5 17. h5 Ba6 18. hxg6 hxg6 19. Bxa6 Qxa6 20. Qh3 f6 21.
exf6 exf6 22. Qh7+ Kf7 23. Rh6 Rg8 24. Qxg6+ Ke7 25. Rh7 Kf8 26. Bc5+ 1-0

[Event "FIDE World Bl Team Pool D"]
[Site "London ENG"]
[Date "2025.06.14"]
[Round "13.5"]
[White "Derlich, Sarah Sima"]
[Black "Kaliakhmet, Elnaz"]
[Result "0-1"]
[WhiteTitle "WCM"]
[BlackTitle "WFM"]
[WhiteElo "1926"]
[BlackElo "2218"]
[WhiteTeam "Danish Futures"]
[BlackTeam "KazChess"]
[WhiteFideId "1469290"]
[BlackFideId "13730169"]
[EventDate "2025.06.14"]
[EventType "team"]

1. e4 e5 2. Nf3 Nc6 3. Bc4 Nf6 4. d3 Be7 5. O-O O-O 6. c3 d5 7. exd5 Nxd5 8. Re1
Bg4 9. h3 Bh5 10. a4 Kh8 11. Nbd2 f5 12. Qc2 Qd6 13. Ba2 Nf4 14. d4 Qg6 15. g3
Nxh3+ 16. Kf1 e4 17. Nh2 Bd6 18. Nc4 Bxg3 19. fxg3 Qxg3 20. Qg2 Qd3+ 21. Re2 f4
22. Bb1 Qxc4 23. Bxe4 Bxe2+ 24. Qxe2 Qxe2+ 25. Kxe2 Rae8 26. Kd3 Nf2+ 27. Ke2
Nxe4 28. Kf3 Ng5+ 29. Kf2 f3 30. Bxg5 Re2+ 31. Kg3 Rg2+ 32. Kh3 Rxg5 33. Rf1 f2
34. Ng4 Rf4 35. Nxf2 Rf6 36. Re1 Rh6# 0-1

[Event "FIDE World Bl Team Pool D"]
[Site "London ENG"]
[Date "2025.06.14"]
[Round "13.6"]
[White "Aiten, Islam"]
[Black "Andries, Leia"]
[Result "1-0"]
[WhiteElo "1950"]
[BlackElo "1830"]
[WhiteTeam "KazChess"]
[BlackTeam "Danish Futures"]
[WhiteFideId "13749420"]
[BlackFideId "1469207"]
[EventDate "2025.06.14"]
[EventType "team"]

1. d4 Nf6 2. Nc3 d5 3. Bf4 a6 4. e3 e6 5. g4 Bd6 6. g5 Bxf4 7. gxf6 Bh6 8. fxg7
Bxg7 9. Nf3 Nd7 10. Qd3 c5 11. Ne2 c4 12. Qd2 Nf6 13. Ng3 h5 14. h4 Qb6 15. c3
Bd7 16. Ne5 Bc6 17. Rg1 Bf8 18. f4 Ne4 19. Nxe4 dxe4 20. Bxc4 Bd6 21. Qg2 Bxe5
22. fxe5 O-O-O 23. O-O-O Qc7 24. Bb3 b5 25. Qf2 b4 26. cxb4 Bb5+ 27. Qc2 Qxc2+
28. Bxc2 Bc6 29. Rg7 Rd7 30. Rf1 Rf8 31. Rh7 Rc7 32. Kd2 Bb5 33. Rf4 Bc6 34.
Rxh5 1-0

[Event "FIDE World Bl Team Pool D"]
[Site "London ENG"]
[Date "2025.06.14"]
[Round "13.1"]
[White "Navara, David"]
[Black "Erigaisi, Arjun"]
[Result "1-0"]
[WhiteTitle "GM"]
[BlackTitle "GM"]
[WhiteElo "2657"]
[BlackElo "2782"]
[WhiteTeam "Hetman GKS Katowice"]
[BlackTeam "Team MGD1"]
[WhiteFideId "309095"]
[BlackFideId "35009192"]
[EventDate "2025.06.14"]
[EventType "team"]

1. e4 c5 2. Nf3 e6 3. d4 cxd4 4. Nxd4 Nc6 5. Nc3 Nf6 6. Ndb5 Bc5 7. Bf4 O-O 8.
Bc7 Qe7 9. Bd6 Bxd6 10. Qxd6 Qd8 11. Be2 Qb6 12. O-O-O Qxf2 13. Nc7 Rb8 14. Bf3
b5 15. Rhe1 b4 16. Na4 e5 17. Nd5 Nxd5 18. exd5 Nd4 19. Be4 Qf4+ 20. Kb1 Bb7 21.
Rxd4 f5 22. Nc5 fxe4 23. Rdxe4 Qd2 24. Nxd7 Bxd5 25. b3 Rbc8 26. R4e2 Rxc2 27.
Qxf8# 1-0

[Event "FIDE World Bl Team Pool D"]
[Site "London ENG"]
[Date "2025.06.14"]
[Round "13.2"]
[White "Anton Guijarro, David"]
[Black "Klimkowski, Jan"]
[Result "1-0"]
[WhiteTitle "GM"]
[BlackTitle "GM"]
[WhiteElo "2642"]
[BlackElo "2508"]
[WhiteTeam "Team MGD1"]
[BlackTeam "Hetman GKS Katowice"]
[WhiteFideId "2285525"]
[BlackFideId "21856222"]
[EventDate "2025.06.14"]
[EventType "team"]

1. Nf3 d5 2. c4 e6 3. g3 Nf6 4. Bg2 d4 5. O-O c5 6. e3 Nc6 7. d3 Bd6 8. exd4
cxd4 9. Na3 O-O 10. Nc2 e5 11. b4 a6 12. Re1 Re8 13. Bg5 Bf5 14. Nh4 Bd7 15. Rb1
h6 16. Bxf6 Qxf6 17. a4 a5 18. b5 Nd8 19. Qf3 Qxf3 20. Nxf3 Rb8 21. Nd2 Ne6 22.
Nb3 b6 23. Re2 Kf8 24. Rbe1 f6 25. Bd5 Nc5 26. Nxc5 Bxc5 27. Kg2 Bf5 28. Be4 Bg4
29. f3 Bd7 30. h3 Re7 31. g4 Rbe8 32. Bg6 Rc8 33. h4 Rc7 34. h5 Be6 35. Kg3 Bc8
36. Kg2 Bb7 37. Bf5 Kf7 38. Na1 Bb4 39. Rf1 Bc8 40. Bxc8 Rxc8 41. Nb3 f5 42.
gxf5 Rce8 43. Kg3 Kf6 44. Kg4 Rc7 45. Re4 Rce7 46. Rf2 Bd6 47. Rfe2 Rd8 48. Rc2
Rc8 49. Rc1 Ree8 50. Rce1 Re7 51. R1e2 Rce8 52. Re1 Bb4 53. Rc1 Rc8 54. Rc2 Bd6
55. Rd2 Rd8 56. Rde2 Rde8 57. c5 Bxc5 58. Nxc5 bxc5 59. f4 c4 60. dxc4 d3 61.
Rd2 Rd8 62. c5 exf4 63. Rxe7 Kxe7 64. Kxf4 Rd4+ 65. Ke5 Rxa4 66. Rxd3 Rb4 67. b6
a4 68. Rg3 Kd7 69. Kd5 1-0

[Event "FIDE World Bl Team Pool D"]
[Site "London ENG"]
[Date "2025.06.14"]
[Round "13.3"]
[White "Seemann, Jakub"]
[Black "Pranav, V"]
[Result "0-1"]
[WhiteTitle "IM"]
[BlackTitle "GM"]
[WhiteElo "2450"]
[BlackElo "2595"]
[WhiteTeam "Hetman GKS Katowice"]
[BlackTeam "Team MGD1"]
[WhiteFideId "21874697"]
[BlackFideId "25060783"]
[EventDate "2025.06.14"]
[EventType "team"]

1. d4 Nf6 2. c4 e6 3. Nf3 Bb4+ 4. Nbd2 b6 5. a3 Bxd2+ 6. Nxd2 Bb7 7. e3 d6 8. b3
Nbd7 9. Bb2 O-O 10. Qc2 a5 11. Bd3 Re8 12. O-O e5 13. Rfe1 Qe7 14. Bf1 Nf8 15.
f3 Ng6 16. e4 h5 17. b4 h4 18. bxa5 Rxa5 19. Nb3 Raa8 20. c5 bxc5 21. dxc5 Nh5
22. Red1 Ngf4 23. Bc3 Ba6 24. Bb4 Bxf1 25. Rxf1 Qg5 26. Rfd1 Rad8 27. cxd6 cxd6
28. Rxd6 Rxd6 29. Bxd6 Re6 30. Rd1 Rg6 31. Rd2 Nxg2 32. Rxg2 Qe3+ 33. Qf2 Rxg2+
34. Kxg2 Nf4+ 35. Kf1 Qxb3 36. Bc5 Qc4+ 0-1

[Event "FIDE World Bl Team Pool D"]
[Site "London ENG"]
[Date "2025.06.14"]
[Round "13.4"]
[White "Mendonca, Leon Luke"]
[Black "Saduakassova, Dinara"]
[Result "1-0"]
[WhiteTitle "GM"]
[BlackTitle "IM"]
[WhiteElo "2603"]
[BlackElo "2435"]
[WhiteTeam "Team MGD1"]
[BlackTeam "Hetman GKS Katowice"]
[WhiteFideId "35028561"]
[BlackFideId "13700090"]
[EventDate "2025.06.14"]
[EventType "team"]

1. Nf3 Nf6 2. c4 c5 3. b3 g6 4. Bb2 Bg7 5. e3 O-O 6. Be2 d5 7. cxd5 Nxd5 8. Bxg7
Kxg7 9. O-O Nc6 10. Qc2 Qd6 11. Rc1 b6 12. d4 Ndb4 13. Qb2 cxd4 14. a3 Nd5 15.
Nxd4 Nxd4 16. Qxd4+ Nf6 17. Qxd6 exd6 18. Nc3 Be6 19. b4 a5 20. b5 Rab8 21. Bf3
d5 22. Na4 Bd7 23. Be2 Ne4 24. Rc7 Rfd8 25. Rd1 Be8 26. f3 Nd6 27. Rxd5 Nxb5 28.
Rxb5 Rd2 29. Rb2 Rbd8 30. Rxd2 Rxd2 31. Nc3 Rc2 32. Kf1 b5 33. Nxb5 Ra2 34. Nd6 1-0

[Event "FIDE World Bl Team Pool D"]
[Site "London ENG"]
[Date "2025.06.14"]
[Round "13.5"]
[White "Tsatsalashvili, Keti"]
[Black "Tsolakidou, Stavroula"]
[Result "1/2-1/2"]
[WhiteTitle "WGM"]
[BlackTitle "IM"]
[WhiteElo "2305"]
[BlackElo "2428"]
[WhiteTeam "Hetman GKS Katowice"]
[BlackTeam "Team MGD1"]
[WhiteFideId "13603434"]
[BlackFideId "4264312"]
[EventDate "2025.06.14"]
[EventType "team"]

1. d4 Nf6 2. c4 g6 3. Nc3 Bg7 4. e4 d6 5. Nf3 O-O 6. Be2 e5 7. O-O h6 8. Rb1 a5
9. a3 Nbd7 10. b4 axb4 11. axb4 exd4 12. Nxd4 Re8 13. f3 Ne5 14. Be3 h5 15. Bg5
Qd7 16. Nd5 Nxd5 17. cxd5 c6 18. dxc6 bxc6 19. Be3 Ba6 20. Bxa6 Rxa6 21. b5 cxb5
22. Nxb5 Rb8 23. Nd4 Rxb1 24. Qxb1 Nc4 25. Bf2 Nd2 26. Qb8+ Kh7 27. Rd1 Ra2 28.
Qb4 Bh6 29. Nb5 Rc2 30. Nxd6 Bf8 31. e5 Bh6 32. f4 Qc6 33. h3 Nc4 34. Nxc4 Rxc4
35. Qe7 Rxf4 36. Be3 Rf5 37. Bxh6 Kxh6 38. Re1 Qb6+ 39. Kh1 Qf2 40. Qb4 Qf4 41.
Qxf4+ Rxf4 42. e6 fxe6 43. Rxe6 1/2-1/2

[Event "FIDE World Bl Team Pool D"]
[Site "London ENG"]
[Date "2025.06.14"]
[Round "13.6"]
[White "Atharvaa P Tayade"]
[Black "Smolinski, Wojciech"]
[Result "1-0"]
[WhiteElo "1956"]
[BlackElo "1987"]
[WhiteTeam "Team MGD1"]
[BlackTeam "Hetman GKS Katowice"]
[WhiteFideId "25042955"]
[BlackFideId "21088683"]
[EventDate "2025.06.14"]
[EventType "team"]

1. e4 c5 2. Nc3 d6 3. g3 Nc6 4. Bg2 g6 5. d3 Bg7 6. f4 e5 7. Nh3 Nge7 8. O-O O-O
9. f5 gxf5 10. exf5 Bxf5 11. Rxf5 Nxf5 12. Be4 Nfe7 13. Bxh7+ Kxh7 14. Qh5+ Kg8
15. Ng5 Re8 16. Qxf7+ Kh8 17. Ne6 Nf5 18. Nxd8 Raxd8 19. Qxf5 Rf8 20. Qh5+ Kg8
21. Bg5 Nd4 22. Bxd8 1-0

[Event "FIDE World Bl Team Pool D"]
[Site "London ENG"]
[Date "2025.06.14"]
[Round "13.1"]
[White "Orozbaev, Eldiyar"]
[Black "Grahn, Vidar"]
[Result "1-0"]
[WhiteTitle "IM"]
[BlackTitle "FM"]
[WhiteElo "2367"]
[BlackElo "2239"]
[WhiteTeam "Noval Group Kyrgyzstan"]
[BlackTeam "Uppsala SSS"]
[WhiteFideId "13802240"]
[BlackFideId "1744780"]
[EventDate "2025.06.14"]
[EventType "team"]

1. e4 c5 2. c3 Nf6 3. e5 Nd5 4. d4 cxd4 5. cxd4 d6 6. Nf3 e6 7. Bd3 dxe5 8. dxe5
Nb4 9. Bb5+ Bd7 10. Nc3 Bxb5 11. Nxb5 Qa5 12. Nc3 N8c6 13. O-O Rd8 14. Qb3 Be7
15. a3 Nd3 16. Qxb7 Ncxe5 17. Nxe5 Nxe5 18. Be3 Ng4 19. Bxa7 Bd6 20. h3 Ne5 21.
Nb5 O-O 22. b4 Qa4 23. Nxd6 Rxd6 24. Bc5 Rd7 25. Qe4 Nd3 26. Bxf8 Kxf8 27. Qxh7
Qc6 28. Qh8+ Ke7 29. Qxg7 Rd5 30. Rad1 Qc4 31. Qg4 Qc2 32. Qh4+ Ke8 33. Qe4 Qc3
34. b5 Nc5 35. Qb4 1-0

[Event "FIDE World Bl Team Pool D"]
[Site "London ENG"]
[Date "2025.06.14"]
[Round "13.2"]
[White "Frank, Anton"]
[Black "Degenbaev, Aziz"]
[Result "0-1"]
[WhiteTitle "CM"]
[BlackTitle "FM"]
[WhiteElo "2183"]
[BlackElo "2286"]
[WhiteTeam "Uppsala SSS"]
[BlackTeam "Noval Group Kyrgyzstan"]
[WhiteFideId "1752383"]
[BlackFideId "13802640"]
[EventDate "2025.06.14"]
[EventType "team"]

1. e4 e6 2. d4 d5 3. e5 c5 4. c3 Nc6 5. Nf3 Bd7 6. Be2 f6 7. O-O fxe5 8. Nxe5
Nxe5 9. dxe5 Qc7 10. Re1 O-O-O 11. Bf1 Nh6 12. a4 Nf7 13. Bf4 g5 14. Bg3 h5 15.
h3 Bg7 16. Na3 a6 17. b4 h4 18. Bh2 Bxe5 19. Rxe5 Nxe5 20. Qe2 Rhf8 21. Bxe5 Qb6
22. a5 Qc6 23. b5 axb5 24. Nxb5 Qxb5 25. Qxb5 Bxb5 26. Bxb5 Rf5 27. Bh2 d4 28.
a6 bxa6 29. Rxa6 Kb7 30. cxd4 Rxd4 31. Rxe6 Rd1+ 32. Bf1 c4 33. Re7+ Kb6 34.
Bc7+ Kc6 35. Ba5 Rxa5 36. Re4 c3 37. Rc4+ Rc5 0-1

[Event "FIDE World Bl Team Pool D"]
[Site "London ENG"]
[Date "2025.06.14"]
[Round "13.3"]
[White "Zhakshylykov, Erzhan"]
[Black "Strom-Engdahl, Alexander"]
[Result "1-0"]
[WhiteTitle "IM"]
[BlackTitle "FM"]
[WhiteElo "2362"]
[BlackElo "2320"]
[WhiteTeam "Noval Group Kyrgyzstan"]
[BlackTeam "Uppsala SSS"]
[WhiteFideId "13804111"]
[BlackFideId "1741586"]
[EventDate "2025.06.14"]
[EventType "team"]

1. c4 c5 2. g3 Nc6 3. Nf3 g6 4. Bg2 Bg7 5. Nc3 e5 6. a3 d6 7. O-O Nge7 8. b4 O-O
9. Rb1 Rb8 10. d3 h6 11. Nd2 f5 12. Nd5 Be6 13. Nb3 b6 14. e3 Qd7 15. Bd2 Bf7
16. Bc3 Nxd5 17. cxd5 Ne7 18. e4 h5 19. bxc5 dxc5 20. Nd2 Nc8 21. Nc4 Re8 22. f4
exf4 23. Bxg7 Kxg7 24. gxf4 Kh7 25. Qd2 b5 26. Ne5 Qc7 27. Rbc1 Nd6 28. Nxf7
Nxf7 29. e5 c4 30. d6 Qc5+ 31. d4 Qxa3 32. Bd5 Nxd6 33. Ra1 Qh3 34. Rxa7+ Nb7
35. Bxb7 Re7 36. Bg2 Qh4 37. Qe1 1-0